00729nam a2200157 a 4500008004100000050001500041100002000056245013400076260007400210350000900284650001300293650003400306995009500340999001700435952011900452070917s2007 ||||||||||||||||| || u aTHESIS/MBA aMaambo, Charles14aThe impact of fuel price on the manufacturing sector: the case of the Copperbelt Province, ZambiacSupervised by Prof. John Lungu aKitwebCopperbelt University, School of Business, MBA Programmec2007 a0.00 0aBUSINESS aFUEL PRICES--RESEARCH--ZAMBIA D0.00FCBU-MAIN LIBRARY (Kitwe)H1I0.00M1UAVAILABLEWSep 17, 2007ZUniversity Collection c46275d46275 00102lcc4070a001b001cUniversity Collectiond2022-11-30l0oTHESIS/MBAp03002288r2022-11-30w2022-11-30y002